000 00938nam a2200181Ia 4500
008 100921s9999 xx 000 0 und d
082 _b29297
_a618.92 थ 97
100 _aकोल्हटकर उल्हास.
245 _aजपणूक-मुलांचे स्वास्थ्य व आजार संगोपन.
260 _bनवचैतन्य प्रकाशन, मुंबई.
_c1997
300 _a200
_bरसिक साहित्य,पुणे
365 _b100
520 _aतंत्रविज्ञान-बालचिकित्सा.
630 _aजपणूक-मुलांचे स्वास्थ्य व आजार संगोपन.
650 _aतंत्रविज्ञान-बालचिकित्सा.
730 _aजपणूक-मुलांचे स्वास्थ्य व आजार संगोपन.
942 _cBOOK
999 _c778410
_d778407